Science of the sexes. Growing up /

Explores the issue of nature versus nurture through a cross-cultural study of two teenagers on different continents.

Bibliographic Details
Corporate Authors: Windfall Films (Firm), Discovery Channel (Firm)
Other Authors: Chancellor, Henry, Meyers, Eric
Format: Video DVD
Language:English
Published: Silver Springs, MD : Discovery Channel, [2003]
Subjects:

MARC

Tag First Indicator Second Indicator Subfields
LEADER 00000cgm a2200000Ia 4500
001 in00001802913
005 20151025195220.0
007 vd cvaizu
008 030402s2003 mdu060 vleng d
028 4 2 |a 683862A  |b Discovery Channel 
035 |a (OCoLC)ocm51960414 
040 |a VFL  |c VFL  |d TXA  |d UtOrBLW 
049 |a TXAM 
090 |a HQ1075  |b .S35 2003 
245 0 0 |a Science of the sexes.  |p Growing up /  |c Windfall Films. 
246 3 0 |a Growing up 
264 1 |a Silver Springs, MD :  |b Discovery Channel,  |c [2003] 
264 4 |c ©2003 
300 |a 1 videodisc (60 min.) :  |b sound, color ;  |c 4 3/4 in. 
336 |a two-dimensional moving image  |b tdi  |2 rdacontent 
337 |a video  |b v  |2 rdamedia 
338 |a videodisc  |b vd  |2 rdacarrier 
538 |a DVD Hi-fi. 
511 0 |a Narrator, Eric Meyers. 
508 |a Producer for Discovery, Gaynelle Evans ; series producer, Liesel Evans ; director, Henry Chancellor ; editors, Frank Burgess and David Fairhead ; art director, Julian Weaver ; music, Daniel Pemberton. 
500 |a Digitally mastered. 
521 8 |a Not rated. 
520 |a Explores the issue of nature versus nurture through a cross-cultural study of two teenagers on different continents. 
500 |a Videorecording. 
650 0 |a Brain  |x Sex differences  |v Cross-cultural studies. 
650 0 |a Nature and nurture  |v Cross-cultural studies. 
650 0 |a Teenage boys  |v Cross-cultural studies. 
650 0 |a Teenage girls  |v Cross-cultural studies. 
655 7 |a Documentary television programs.  |2 lcgft 
700 1 |a Chancellor, Henry. 
700 1 |a Meyers, Eric. 
710 2 |a Windfall Films (Firm) 
710 2 |a Discovery Channel (Firm) 
730 0 |a Science of the sexes (Television program) 
948 |a cataloged  |b h  |c 2004/1/15  |d c  |e mphillip  |f 11:10:48 am 
994 |a E0  |b TXA 
999 |a MARS 
999 f f |s 8ac89f94-9158-32ba-975a-22e166b526bd  |i 3b2c382c-e626-3ccc-83eb-b66ddc205b52  |t 0 
952 f f |p ric  |a Texas A&M University  |b Rellis Campus  |c Joint Library Facility  |d Remote Storage  |t 0  |e HQ1075 .S35 2003  |h Library of Congress classification  |i video -- videodisc  |m A14830798321 
998 f f |a HQ1075 .S35 2003  |t 0  |l Remote Storage